| 000 | 00362nam a22001217a 4500 | ||
|---|---|---|---|
| 008 | 230629b xxu||||| |||| 00| 0 eng d | ||
| 082 |
_a346.043 _bLUM |
||
| 100 | _cKenya Land Alliance | ||
| 245 | _aThe Efficacy of Establishing a National Land commission for Land Administration in Kenya | ||
| 260 |
_bKenya Land Alliance _c2005 |
||
| 300 | _a11p | ||
| 942 |
_2ddc _cBK |
||
| 999 |
_c3099 _d3099 |
||